000 00259nam a22001217a 4500
008 170516b xxu||||| |||| 00| 0 eng d
041 _aeng
080 _a94
100 _a16
101 _aSHJ
245 _aWORLD CIVILIZATION
_cSTEARNS.P.N
942 _2udc
_cBK
999 _c13366
_d13366